Sports Quiz

Random Sports or Baseball Quiz

Philadelphia Phillies Playoff Seasons Quiz Stats

 Plays Quiz not verified by Sporcle

Score 0/12 Timer 02:00
0 Plays Today
% Correct
2008
89.4%
2009
87.3%
2010
81.5%
1980
79.9%
2011
77.2%
2007
76.5%
1993
66.7%
1983
65%
1977
54.7%
1978
54.4%
1981
54.2%
1976
48%

You're not logged in!

Compare scores with friends on all Sporcle quizzes.
OR
Log In

Show Comments

Extras

Top Quizzes Today


Score Distribution

Your Account Isn't Verified!

In order to create a playlist on Sporcle, you need to verify the email address you used during registration. Go to your Sporcle Settings to finish the process.

Report this User

Report this user for behavior that violates our Community Guidelines.

Details: